| 000 | 00346nam a2200145Ia 4500 | ||
|---|---|---|---|
| 008 | 230312s9999||||xx |||||||||||||| ||und|| | ||
| 020 | _a93-325-8534-8 | ||
| 082 |
_a005.133 _bTAN-P |
||
| 100 | _aTaneja;Sheetal | ||
| 245 | 0 | _aPython Programming | |
| 260 |
_bPearson _aIndia _c2018 |
||
| 300 | _a582 | ||
| 650 |
_aComputer _vComputer |
||
| 942 | _cBK | ||
| 999 |
_c15333 _d15333 |
||